MARC

LEADER 00000nam0a2200000 4500
001 72029
005 20231101212623.0
035 |a (RuTPU)RU\TPU\book\76774 
090 |a 72029 
100 |a 20041229d1953 km y0rusy50 ca 
101 0 |a rus 
102 |a RU 
105 |a a z 001zy 
200 1 |a Кристаллы и кристаллизация  |f В. Д. Кузнецов 
210 |a Москва  |c Государственное издательство технико-теоретической литературы  |d 1953 
215 |a 411 с.  |c ил. 
320 |a Библиография: с. 382-404. 
320 |a Предметный указатель: с. 405-411. 
606 1 |a Кристаллы  |2 stltpush  |3 (RuTPU)RU\TPU\subj\16350  |9 42442 
606 1 |a Кристаллизация  |x (кристаллография)  |2 stltpush  |3 (RuTPU)RU\TPU\subj\79323  |9 87913 
610 1 |a зарождение 
610 1 |a рост 
610 1 |a растворение 
610 1 |a реальные кристаллы 
610 1 |a примеси 
610 1 |a аллотропия 
610 1 |a изоморфизм 
610 1 |a полиморфизм 
610 1 |a выращивание 
675 |a 548  |v 3 
675 |a 548.5  |v 3 
700 1 |a Кузнецов  |b В. Д. 
801 1 |a RU  |b 63413507  |c 20041229  |g PSBO 
801 2 |a RU  |b 63413507  |c 20190909  |g PSBO 
942 |c BK